| 000 | 00677nam a22002175a 4500 | ||
|---|---|---|---|
| 008 | 150629t2003 paua frb 001 0 eng d | ||
| 020 | _a9788181471017 | ||
| 020 | _a8181471016 | ||
| 040 |
_aEG-ScBUE _beng _dEG-ScBUE |
||
| 082 | 0 | 4 |
_222 _bANT _a615.1 |
| 100 | 1 |
_aAnthony, Patricia K. _939135 |
|
| 245 | 1 | 0 |
_aPharmacology secrets / _cPatricia K. Anthony. |
| 260 |
_aPhiladelphia : _bHanley & Belfus / Elsevier, _cc.2003. |
||
| 300 |
_axiii, 305 p. : _bill. ; _c22 cm. |
||
| 500 | _aIndex : p. 295-305. | ||
| 504 | _aIncludes bibliographical references. | ||
| 650 | 7 |
_2BUEsh _912590 _aPharmacology. |
|
| 651 | _2BUEsh | ||
| 653 |
_bPPhrm _cJune2015 _cJanuary2016 |
||
| 942 | _2ddc | ||
| 999 |
_c20086 _d20058 |
||